De la connaissance de Dieu / (Record no. 154780)

MARC details
000 -LEADER
campo de control de longitud fija 00728nam a2200205 i 4500
001 - NÚMERO DE CONTROL
campo de control 154780
003 - IDENTIFICADOR DE NÚMERO DE CONTROL
campo de control ES-MaACL
005 - FECHA Y HORA DE LA ÚLTIMA TRANSACCIÓN
campo de control 20250822063213.0
008 - DATOS DE LONGITUD FIJA--INFORMACIÓN GENERAL
campo de control de longitud fija 021001s1856 fr |||| | fre d
040 ## - FUENTE DE CATALOGACIÓN
Centro catalogador/agencia de origen BA
Lengua de catalogación spa
Centro/agencia transcriptor BA
100 1# - ENTRADA PRINCIPAL--NOMBRE DE PERSONA
Nombre de persona Gratry, Auguste-Joseph-Alphonse,
Fechas asociadas al nombre 1805-1872
9 (RLIN) 127542
245 10 - MENCIÓN DEL TÍTULO
Título De la connaissance de Dieu /
Mención de responsabilidad, etc. par A. Gratry ...
250 ## - MENCION DE EDICION
Mención de edición 5e éd., corr. et augm.
260 ## - PUBLICACIÓN, DISTRIBUCIÓN, ETC.
Lugar de publicación, distribución, etc. Paris :
Nombre del editor, distribuidor, etc. Charles Douniol :
-- J. Lecoffre,
Fecha de publicación, distribución, etc. 1856 (
Fabricante Imp. de Beau)
300 ## - DESCRIPCIÓN FÍSICA
Extensión 2 v. (XXIII, 474 p. ; 431 p.) ;
Dimensiones 22 cm.
594 ## - Nota al título y mención de responsabilidad
Nota al título y mención de responsabilidad Precede a tít. : Philosophie.
650 #4 - PUNTO DE ACCESO ADICIONAL DE MATERIA--TÉRMINO DE MATERIA
Término de materia o nombre geográfico como elemento de entrada Filosofía-
Subdivisión de forma Historia.
9 (RLIN) 158248
852 ## - LOCALIZACIÓN
Ubicación ES-MaACL
Número de control de estantería G-12535
Nota libre -- Enc. hol.
-- -- Enc. 2 t. en 1 v.
Holdings
Estatus retirado Estado de pérdida Estado de daño No para préstamo Colección Biblioteca de origen Biblioteca actual Ubicación en estantería Fecha de adquisición Total de préstamos Signatura topográfica completa Código de barras Visto por última vez Precio de reemplazo Tipo de ítem Koha
        Libros del s. XIX Biblioteca del Ateneo de Madrid Biblioteca del Ateneo de Madrid Sala Pecera Planta 3 17/01/2008   G-12535 1161890 23/02/2023 23/02/2023 Libro impreso antiguo